[Event "POL-ch Blitz U18"]
[Site "Bydgoszcz"]
[Date "2023.08.31"]
[Round "3"]
[White "Klimkowski, Jan"]
[Black "Skrzypczynski, Kacper"]
[Result "1-0"]
[WhiteElo "2490"]
[BlackElo "1952"]
[PlyCount "81"]
[EventDate "2023.08.28"]
[EventType "swiss"]
[EventRounds "10"]
[EventCountry "POL"]
[SourceTitle "EXT 2024"]
[Source "ChessBase"]
[SourceDate "2023.10.10"]
[SourceVersion "1"]
[SourceVersionDate "2023.10.10"]
[SourceQuality "1"]

1. Nf3 Nf6 2. c4 d6 3. d4 g6 4. g3 Bg7 5. Bg2 0-0 6. 0-0 Nc6 7. Nc3 h6 8. d5 Nb8 9. e4 e5 10. Ne1 Kh7 11. Nd3 c6 12. b4 cxd5 13. cxd5 Nbd7 14. Bb2 Nb6 15. Rc1 a6 16. a4 Bd7 17. Qb3 Rc8 18. Ba1 Nc4 19. Rfd1 b5 20. Nb2 Qb6 21. Nxc4 Rxc4 22. axb5 axb5 23. Rc2 Rfc8 24. Re2 Bg4 25. Rde1 Bxe2 26. Rxe2 Qd4 27. Re3 Rxb4 28. Qc2 Rbc4 29. Bf1 R4c5 30. Qb2 b4 31. Na4 Qxb2 32. Bxb2 Rc2 33. Rb3 Rd2 34. f3 Rcc2 35. h4 h5 36. Rxb4 Bh6 37. Rb3 g5 38. hxg5 Bxg5 39. f4 exf4 40. gxf4 Bh4 41. e5 1-0

[Event "Polanica Zdroj op-A 58th"]
[Site "Polanica Zdroj"]
[Date "2022.08.21"]
[Round "9"]
[White "Rog, Bartlomiej"]
[Black "Skrzypczynski, Kacper"]
[Result "1-0"]
[WhiteElo "2091"]
[BlackElo "1793"]
[PlyCount "131"]
[EventDate "2022.08.13"]
[EventType "swiss"]
[EventRounds "9"]
[EventCountry "POL"]
[SourceTitle "CBM 210 Extra"]
[Source "ChessBase"]
[SourceDate "2022.11.30"]
[SourceVersion "1"]
[SourceVersionDate "2022.11.30"]
[SourceQuality "1"]

1. e4 d6 2. d4 Nf6 3. Nc3 e5 4. Nf3 Nbd7 5. Bc4 Be7 6. 0-0 c6 7. a4 0-0 8. Re1 h6 9. h3 a5 10. Be3 Qc7 11. Qd3 exd4 12. Bxd4 Ne5 13. Nxe5 dxe5 14. Be3 Bb4 15. Rad1 Re8 16. Bc1 Be6 17. Bxe6 Rxe6 18. Qc4 Ree8 19. Re3 Qe7 20. Ne2 g6 21. Red3 Kg7 22. Be3 Red8 23. Nc1 Ne8 24. c3 Bd6 25. Bb6 Bc7 26. Bc5 Rxd3 27. Rxd3 Qg5 28. Nb3 Rd8 29. Rf3 Rd1+ 30. Kh2 Rd7 31. Ba3 Bd6 32. Nxa5 Bxa3 33. bxa3 Nd6 34. Qe2 Qc1 35. c4 Nc8 36. Qe3 Qb1 37. c5 h5 38. h4 f6 39. Qb3 Qxe4 40. g3 Ne7 41. Nxb7 Rxb7 42. Qxb7 Qxf3 43. Qxe7+ Kh6 44. Qf8+ Kh7 45. Qf7+ Kh6 46. Qa2 Qc3 47. Qg8 g5 48. Qh8+ Kg6 49. Qe8+ Kg7 50. Qe7+ Kg6 51. hxg5 Kxg5 52. Qg7+ Kf5 53. Qd7+ Kg5 54. Qxc6 Qd4 55. Qf3 Qxa4 56. Qc3 Qc6 57. a4 Kf5 58. a5 Ke6 59. Qc4+ Ke7 60. a6 h4 61. a7 Qf3 62. Qc2 hxg3+ 63. fxg3 Qa8 64. c6 Qh8+ 65. Kg2 Qa8 66. Qh7+ 1-0

[Event "Warsaw Najdorf Memorial op-A"]
[Site "Warsaw"]
[Date "2022.07.14"]
[Round "6"]
[White "Skrzypczynski, Kacper"]
[Black "Gorkiewicz, Mateusz"]
[Result "0-1"]
[WhiteElo "1793"]
[BlackElo "2023"]
[PlyCount "128"]
[EventDate "2022.07.09"]
[EventType "swiss"]
[EventRounds "9"]
[EventCountry "POL"]
[SourceTitle "CBM 209 Extra"]
[Source "ChessBase"]
[SourceDate "2022.09.30"]
[SourceVersion "1"]
[SourceVersionDate "2022.09.30"]
[SourceQuality "1"]

1. d4 Nf6 2. c4 e6 3. Nc3 Bb4 4. e3 d5 5. Bd3 0-0 6. cxd5 exd5 7. Nge2 c6 8. 0-0 Re8 9. f3 Nbd7 10. Kh1 Nf8 11. Qc2 Ne6 12. Bd2 Be7 13. Be1 c5 14. b3 cxd4 15. exd4 h6 16. Bf2 a6 17. Na4 Bd6 18. Nc5 Nh5 19. Nxe6 Bxe6 20. Qd2 Qf6 21. Bg1 Qh4 22. Qe1 Qg5 23. Qf2 Nf4 24. Nxf4 Qxf4 25. g3 Qf6 26. Rac1 Rac8 27. Kg2 Ba3 28. Rxc8 Rxc8 29. Qd2 Bf5 30. Bf2 Qg6 31. Bxf5 Qxf5 32. Qa5 Bb2 33. g4 Qd7 34. Qd2 Ba3 35. Qa5 Be7 36. Qd2 Qc7 37. Be3 Ba3 38. Qd3 Qe7 39. Bf2 Bb4 40. Qf5 Qe6 41. Qf4 Rc2 42. Qb8+ Kh7 43. a3 Bxa3 44. Qxb7 Bc1 45. Qb8 Bb2 46. Kg1 Rxf2 47. Rxf2 Bxd4 48. Kg2 Bxf2 49. Kxf2 g6 50. Qf4 Qb6+ 51. Ke2 Kg8 52. Qa4 Kf8 53. Qa3+ Ke8 54. Kd3 Kd7 55. Qb2 Qb4 56. Qc2 a5 57. h4 Kd6 58. Qb2 Qf4 59. Qa3+ Ke6 60. Qf8 Qxf3+ 61. Kd2 Qxb3 62. Qe8+ Kf6 63. Qd8+ Kg7 64. Qxa5 Qc4 0-1

[Event "EU-ch Blitz"]
[Site "Katowice"]
[Date "2021.12.17"]
[Round "9"]
[White "Niedbala, Bartlomiej"]
[Black "Skrzypczynski, Kacper"]
[Result "1-0"]
[WhiteElo "2385"]
[BlackElo "1700"]
[PlyCount "79"]
[EventDate "2021.12.17"]
[EventType "swiss (blitz)"]
[EventRounds "22"]
[EventCountry "POL"]
[SourceTitle "CBM 205 Extra"]
[Source "ChessBase"]
[SourceDate "2022.01.31"]
[SourceVersion "1"]
[SourceVersionDate "2022.01.31"]
[SourceQuality "1"]

1. Nf3 Nf6 2. g3 d5 3. Bg2 g6 4. c4 c6 5. b3 Bg7 6. Bb2 0-0 7. 0-0 Bg4 8. h3 Bxf3 9. Bxf3 Nbd7 10. d3 e5 11. Bg2 Re8 12. cxd5 Nxd5 13. Nd2 f5 14. a3 N7b6 15. Qc2 Rc8 16. Rfe1 h5 17. e4 Ne7 18. exf5 Nxf5 19. Nf3 Qd6 20. Rad1 Rcd8 21. b4 Nd4 22. Nxd4 exd4 23. Bc1 Nd5 24. Bg5 Rxe1+ 25. Rxe1 Rf8 26. Qc4 Rf5 27. Bf4 Qd7 28. Bd2 Kh7 29. a4 Nb6 30. Qb3 Qf7 31. Qxf7 Rxf7 32. a5 Na4 33. a6 bxa6 34. Bxc6 Nc3 35. Ra1 Re7 36. Kf1 Rc7 37. Rxa6 Kg8 38. b5 Kf8 39. Bf4 Rc8 40. Rxa7 1-0

[Event "POL-ch U17 Qual"]
[Site "Jastrzebia Gora"]
[Date "2021.11.16"]
[Round "2"]
[White "Skrzypczynski, Kacper"]
[Black "Falc, Pawel"]
[Result "1-0"]
[WhiteElo "1762"]
[BlackElo "1493"]
[PlyCount "71"]
[EventDate "2021.11.15"]
[EventType "swiss"]
[EventRounds "9"]
[EventCountry "POL"]
[SourceTitle "EXT 2023"]
[Source "ChessBase"]
[SourceDate "2022.10.05"]
[SourceVersion "1"]
[SourceVersionDate "2022.10.05"]
[SourceQuality "1"]

1. d4 Nf6 2. Bg5 Ne4 3. h4 c5 4. d5 Qb6 5. Nd2 Nxg5 6. hxg5 Qxb2 7. e4 g6 8. Rb1 Qg7 9. Ngf3 h6 10. gxh6 Rxh6 11. Rxh6 Qxh6 12. e5 e6 13. Ne4 Be7 14. c4 b6 15. Nfg5 Bxg5 16. Nd6+ Kf8 17. Qf3 Qg7 18. Be2 f5 19. Nxc8 Na6 20. Qg3 Rxc8 21. Qxg5 exd5 22. cxd5 Nb4 23. d6 Qxe5 24. Qxg6 Re8 25. Qh6+ Qg7 26. Qxg7+ Kxg7 27. a3 Nc2+ 28. Kd2 Nd4 29. Bc4 Kf6 30. a4 Nc6 31. f3 Kg5 32. Rh1 Kf4 33. Rh7 Ne5 34. Bd5 Kg3 35. Re7 Rd8 36. Rxe5 1-0

[Event "Malopolska Region-chB"]
[Site "Krakow"]
[Date "2021.06.06"]
[Round "7"]
[White "Siekanska, Maria"]
[Black "Skrzypczynski, Kacper"]
[Result "1-0"]
[WhiteElo "1903"]
[BlackElo "1775"]
[PlyCount "103"]
[EventDate "2021.06.03"]
[EventType "swiss"]
[EventRounds "7"]
[EventCountry "POL"]
[SourceTitle "EXT 2023"]
[Source "ChessBase"]
[SourceDate "2022.10.05"]
[SourceVersion "1"]
[SourceVersionDate "2022.10.05"]
[SourceQuality "1"]

1. d4 Nf6 2. c4 g6 3. Nc3 Bg7 4. e4 d6 5. Nf3 0-0 6. Be2 e5 7. 0-0 Nc6 8. d5 Ne7 9. Nd2 a5 10. a3 Nd7 11. Rb1 f5 12. b4 f4 13. Bb2 Rf7 14. Nb5 Bf8 15. c5 Nf6 16. Rc1 Ne8 17. Nc4 axb4 18. axb4 Bg7 19. Nxc7 Qxc7 20. cxd6 Nxd6 21. Bxe5 Bxe5 22. Nxe5 Qb6 23. Nxf7 Nxf7 24. Qd2 Qd6 25. Ra1 Rb8 26. Rfc1 Bd7 27. Qd4 Ne5 28. Qc5 Qf6 29. f3 h5 30. Qa7 Qd6 31. Qc5 Qf6 32. Qc7 Rf8 33. Qxb7 h4 34. Ra6 Qg5 35. Qb6 h3 36. Qf2 Rb8 37. b5 Kg7 38. b6 Bc8 39. Ra7 Kf8 40. b7 Bxb7 41. Rb1 Rc8 42. d6 N7c6 43. Raxb7 Nd4 44. Rb8 Re8 45. R1b2 Rxb8 46. Rxb8+ Kf7 47. Rb2 Ke6 48. Bd1 Qxg2+ 49. Qxg2 hxg2 50. Kxg2 Kxd6 51. Rb8 Nc4 52. Rd8+ 1-0

[Event "Malopolska Region-chB"]
[Site "Krakow"]
[Date "2021.06.05"]
[Round "5"]
[White "Palacki, Rafal"]
[Black "Skrzypczynski, Kacper"]
[Result "1/2-1/2"]
[WhiteElo "1822"]
[BlackElo "1775"]
[PlyCount "48"]
[EventDate "2021.06.03"]
[EventType "swiss"]
[EventRounds "7"]
[EventCountry "POL"]
[SourceTitle "EXT 2023"]
[Source "ChessBase"]
[SourceDate "2022.10.05"]
[SourceVersion "1"]
[SourceVersionDate "2022.10.05"]
[SourceQuality "1"]

1. e4 c5 2. Nf3 e6 3. Na3 a6 4. c3 d5 5. exd5 Qxd5 6. Nc4 Qd8 7. a4 Nc6 8. Be2 Nf6 9. 0-0 Be7 10. d4 cxd4 11. cxd4 0-0 12. h3 a5 13. Bf4 Nd5 14. Bg3 Ndb4 15. Qd2 Bd7 16. Rfd1 Be8 17. b3 f6 18. Ne3 Bf7 19. Bc4 Bd6 20. Bxd6 Qxd6 21. d5 Nxd5 22. Nxd5 exd5 23. Bxd5 Qb4 24. Bxf7+ Rxf7 1/2-1/2

[Event "Malopolska Region-chB"]
[Site "Krakow"]
[Date "2021.06.05"]
[Round "6"]
[White "Skrzypczynski, Kacper"]
[Black "Kozlowski, Pawel"]
[Result "1/2-1/2"]
[WhiteElo "1775"]
[BlackElo "1970"]
[PlyCount "127"]
[EventDate "2021.06.03"]
[EventType "swiss"]
[EventRounds "7"]
[EventCountry "POL"]
[SourceTitle "EXT 2023"]
[Source "ChessBase"]
[SourceDate "2022.10.05"]
[SourceVersion "1"]
[SourceVersionDate "2022.10.05"]
[SourceQuality "1"]

1. d4 Nf6 2. Bg5 e6 3. e3 Be7 4. Bd3 b6 5. Nf3 Bb7 6. 0-0 0-0 7. Nbd2 h6 8. Bh4 c5 9. c3 d6 10. h3 Nbd7 11. Qc2 Rc8 12. Bg3 a6 13. a4 Re8 14. Rfd1 Bf8 15. Nc4 Bxf3 16. gxf3 d5 17. Nd6 Bxd6 18. Bxd6 c4 19. Bf1 Nf8 20. Bh2 Ng6 21. Bg3 Nh5 22. Bg2 Nh4 23. Bxh4 Qxh4 24. f4 Kh8 25. f5 Qg5 26. Kh2 Rcd8 27. fxe6 Rxe6 28. Rg1 Qh4 29. Bf3 Nf6 30. Rg2 Ne4 31. Bxe4 Rxe4 32. Rag1 g6 33. Rg4 Rxg4 34. Rxg4 Qf6 35. Kg2 h5 36. Rg3 Re8 37. Qe2 b5 38. axb5 axb5 39. Qc2 Ra8 40. e4 dxe4 41. Qxe4 Ra2 42. Qe8+ Kg7 43. Qxb5 Qe6 44. Qb7 Ra6 45. Re3 Qf6 46. Qe7 Qc6+ 47. Rf3 Qe6 48. Qxe6 fxe6 49. Re3 Kf6 50. Re5 Rb6 51. Rc5 Rxb2 52. Rxc4 Rd2 53. Rc5 Rd3 54. Rc8 Kf7 55. h4 Ke7 56. f3 Kf6 57. Kg3 g5 58. hxg5+ Kxg5 59. Rc5+ Kf6 60. Kf2 Rd2+ 61. Ke3 Rh2 62. Ra5 h4 63. Ra1 Rc2 64. Kd3 1/2-1/2